<?xml version="1.0" encoding="UTF-8"?>
<collection xmlns="http://www.loc.gov/MARC21/slim">
 <record>
  <leader>01322nam a2200229 a 4500</leader>
  <controlfield tag="001">1/54927</controlfield>
  <controlfield tag="008">220119s2012    gr a     b    100 | gre d</controlfield>
  <datafield tag="020" ind1=" " ind2=" ">
   <subfield code="a">9789608713512</subfield>
  </datafield>
  <datafield tag="040" ind1=" " ind2=" ">
   <subfield code="a">GR-PeUP</subfield>
  </datafield>
  <datafield tag="082" ind1="0" ind2="0">
   <subfield code="a">343.096 ΝΑΥ</subfield>
  </datafield>
  <datafield tag="111" ind1="2" ind2="4">
   <subfield code="a">Ναυτιλιακή Συνάντηση Άνδρου </subfield>
   <subfield code="n">(2η :</subfield>
   <subfield code="d">2003 :</subfield>
   <subfield code="c">Άνδρος)</subfield>
  </datafield>
  <datafield tag="245" ind1="1" ind2="0">
   <subfield code="a">Β΄ Ναυτιλιακή Συνάντηση Άνδρου :</subfield>
   <subfield code="b">ποιότητα στη σύγχρονη ναυτιλία : πρακτικά ημερίδας, Απριλίος 2003 /</subfield>
   <subfield code="c">επιμέλεια Αυγουστής Μπάλκας.</subfield>
  </datafield>
  <datafield tag="246" ind1="1" ind2="0">
   <subfield code="a">Δεύτερη Ναυτιλιακή Συνάντηση Άνδρου :</subfield>
   <subfield code="b">ποιότητα στη σύγχρονη ναυτιλία : πρακτικά ημερίδας, Απριλίος 2003.</subfield>
  </datafield>
  <datafield tag="260" ind1=" " ind2=" ">
   <subfield code="a">Άνδρος :</subfield>
   <subfield code="b">Σύλλογος Απανταχού Αποικιανών,</subfield>
   <subfield code="c">2012.</subfield>
  </datafield>
  <datafield tag="300" ind1=" " ind2=" ">
   <subfield code="a">298 σ. :</subfield>
   <subfield code="b">εικ. ;</subfield>
   <subfield code="c">24 εκ.</subfield>
  </datafield>
  <datafield tag="500" ind1=" " ind2=" ">
   <subfield code="a">Με την υποστήριξη του Πανεπιστημίου Αιγαίου.</subfield>
  </datafield>
  <datafield tag="504" ind1=" " ind2=" ">
   <subfield code="a">Περιέχει βιβλιογραφία.</subfield>
  </datafield>
  <datafield tag="650" ind1=" " ind2="0">
   <subfield code="a">Shipping</subfield>
   <subfield code="x">Congresses.</subfield>
  </datafield>
  <datafield tag="650" ind1=" " ind2="4">
   <subfield code="a">Ναυτιλία</subfield>
   <subfield code="x">Συνέδρια.</subfield>
  </datafield>
  <datafield tag="700" ind1="1" ind2=" ">
   <subfield code="a">Μπάλκας, Αυγουστής Νικ.</subfield>
  </datafield>
  <datafield tag="852" ind1=" " ind2=" ">
   <subfield code="a">INST</subfield>
   <subfield code="b">UNIPILB</subfield>
   <subfield code="c">MAIN</subfield>
   <subfield code="e">20220119</subfield>
   <subfield code="h">343.096 ΝΑΥ</subfield>
   <subfield code="p">00186906</subfield>
   <subfield code="q">00186906</subfield>
   <subfield code="t">LOAN</subfield>
   <subfield code="y">0</subfield>
   <subfield code="4">1</subfield>
  </datafield>
  <datafield tag="960" ind1=" " ind2=" ">
   <subfield code="a">ΜΑΡΙΑ ΒΕΛ</subfield>
  </datafield>
 </record>
</collection>
